000 00492nam a2200133Ia 4500
008 201002s9999 xx 000 0 und d
020 _a978-971-980-930-2
100 _aDevilles, Gary C.
245 _cGray C. Devilles, Reagan Maiquez, Rolando Tolentino
_aArt sense:
_bsensing the arts in the everyday/
260 _aManila:
_bC&E Publishing
_c2018
300 _axxii, 313 pages
_c22 cm.
650 _aArt appreciation -- study and teaching
650 _aArts -- study and teaching -- Philippines
999 _c364561
_d364561